| 000 | 00731nam a2200301Ia 4500 | ||
|---|---|---|---|
| 005 | 20260401122345.0 | ||
| 008 | 008 250103s9999 xx 000 0 eng d | ||
| 020 | _a198159676 | ||
| 037 | _aTB | ||
| 040 | _aEDL | ||
| 040 | _beng | ||
| 040 | _cEDL | ||
| 041 | _2eng | ||
| 041 | _aeng | ||
| 084 | _a830.9 HAI | ||
| 084 | _qEDL | ||
| 100 |
_aHaines, Brigid | Littler, Margaret _91233348 |
||
| 245 | 0 | _aContemporary Women's Writing in German: Changing the Subject | |
| 245 | 0 | _cHaines, Brigid | Littler, Margaret | |
| 260 | _aOxford | ||
| 260 | _bOxford University Press | ||
| 260 | _c2004 | ||
| 300 | _a160p | ||
| 942 | _cTB | ||
| 942 | _h830.9 HAI | ||
| 999 |
_c1846753 _d1846753 |
||